000 007850000a22002530004500
003 LK-CoMWRAF
005 20231109092450.0
008 230817t2005 ||||| |||| 00| 0 eng d
020 _a9832622247
040 _aLK-CoMWRAF
_dLK-CoMWRAF
_eLK-CoMWRAF
041 _aeng
082 _a297.082
_bMUS
245 _aMuslim Women and the Challenge of Islamic Extremism
260 _aSelangor
_bSisters in Islam
_c2005
300 _a[xv], 215 p. ; 23 cm
_bGlossary included
650 _aFEMINISM-RELIGIOUS ASPECTS-ISLAM
650 _aMuslim women -- Political activity
650 _aMuslim women -- Social conditions
650 _aWomen in Islam
650 _aIslamic fundamentalism
650 _aWomen's rights -- Islamic countries
700 _aOthman, Norani
_eed.
942 _cBK
999 _c2446
_d2446